000 00315nam a2200097Ia 4500
008 171211s9999 xx 000 0 und d
245 4 _aThe Return of Theory in Early Modern English Studies: Tarrying with the Subjunctive
260 _c2014
650 _xCULTURE
856 _uhttp://down.ebook777.com/063/1349589020.pdf
999 _c347811
_d347811